000 00623nam a22001817a 4500
003 UA-OsUOA
001 16932
007 ta
008 20040203b un ||||| |||| 00| 0 ukr d
100 _aБасараба В.
942 _cSA
040 _aUA-OsUOA
_cUA-OsUOA
_dUA-OsUOA
245 _aПродукція від "Тавриди" користується попитом споживачів
_b[Про п-во "Таврида" в Сарнах]
300 _aС.3
955 _a0
773 0 _w0
_tВільне слово
_dРівне
_d2004
_g№6/ 21 січ./
650 7 _aКраєзнавча робота
_2UDC
999 _c303100
_d303100